00622cam a22002291 4500001001300000003000400013005001700017008004100034010001700075035002000092040001800112042001200130050002000142100004200162245003700204260001100241300002200252500001400274504003100288600005600319999001700375sa 68013167 DLC20260227112620.0890907s1966 ii b 000 0 hino  asa 68013167  a(OCoLC)20310907 aDLCcWaUdDLC apremarc00aPK2098.G8bY3271 aPrasāda, Vāsudeva Nandana,d1925-10aYaśodharā, eka samīkshā. c[1966] a8, 357 p.c18 cm. aIn Hindi. aBibliographical footnotes.10aGupta, Maithili Sarana,d1886-1964.tYaśodharā. c84971d84971